|
|
|
|
| LEADER |
01458nam a22002177a 4500 |
| 001 |
31295 |
| 003 |
BD-DhAAL |
| 005 |
20190423161122.0 |
| 008 |
170123s2008 bg ||||| |||| 00| 0 ben d |
| 999 |
|
|
|c 37936
|d 37936
|
| 040 |
|
|
|a BD-DhAAL
|c BD-DhAAL
|
| 082 |
|
|
|2 23
|a 346.4023
|
| 245 |
|
|
|a পাবলিক প্রকিউরমেন্ট আইন, ২০১৬ ও পাবলিক প্রকিউরমেন্ট বিধিমালা, ২০০৮ /
|c আইন, বিচার ও সংসদ বিষয়ক মন্ত্রণালয়, গনপ্রজাতন্ত্রী বাংলাদেশ সরকার
|
| 260 |
|
|
|a ঢাকা :
|b আইন, বিচার ও সংসদ বিষয়ক মন্ত্রণালয়, গনপ্রজাতন্ত্রী বাংলাদেশ সরকার,
|c ২০০৮
|
| 300 |
|
|
|a ২৪২ পৃষ্ঠা ;
|c ২৩ সে.মি,
|
| 526 |
|
|
|a AAL
|
| 650 |
|
|
|a Government purchasing
|x Law and legislation
|9 20930
|
| 710 |
|
|
|a গনপ্রজাতন্ত্রী বাংলাদেশ সরকার
|b আইন, বিচার ও সংসদ বিষয়ক মন্ত্রণালয়
|9 20931
|
| 852 |
|
|
|a Ayesha Abed Library
|c General Stacks
|
| 942 |
|
|
|2 ddc
|c BK
|
| 952 |
|
|
|0 0
|1 0
|2 ddc
|4 0
|6 346_402300000000000_BAN
|7 0
|9 59954
|a BRACUL
|b BRACUL
|c GEN
|d 2017-01-23
|e Complimentary
|l 0
|o 346.4023 BAN
|p 3010031295
|r 2017-01-23
|t 1
|w 2017-01-23
|y BK
|